|
|
|
|
| LEADER |
00000cam a2200000 7i4500 |
| 001 |
0000003966 |
| 005 |
20130117.0 |
| 020 |
0 |
0 |
|a 9789839269628
|
| 090 |
0 |
0 |
|a JPSM 634.9068
|b BUK S
|
| 245 |
0 |
0 |
|a Bukit Belata, Selangor :
|b Pengurusan, persekitaran fizikal, kepelbagaian biologi dan sosio-ekonomi
|c Disunting oleh Azahar Muda, H.L.Koh,...[et.al]
|
| 260 |
0 |
0 |
|a Kuala Lumpur :
|b Jabatan Perhutanan Semenanjung Malaysia ,
|c 2008
|
| 300 |
|
|
|a 280 p. :
|b ill., maps ;
|c 26 cm.
|
| 440 |
0 |
0 |
|a Siri 9 : Kepelbagaian Biologi Hutan
|
| 500 |
0 |
0 |
|a Includes bibliographical references
|
| 650 |
0 |
0 |
|a Biological diversity conservation
|z Bukit Belata, Selangor
|
| 650 |
0 |
0 |
|a Biological diversity
|z Bukit Belata, Selangor
|
| 700 |
0 |
1 |
|a A Latiff
|
| 700 |
0 |
1 |
|a Azahar Muda
|
| 700 |
0 |
1 |
|a H.L.Koh
|
| 700 |
0 |
1 |
|a Mohd. Rahim Rani
|
| 700 |
0 |
1 |
|a Nik Mohd. Shah Nik Mustafa
|
| 700 |
0 |
1 |
|a Samsul Anuar Nawi
|
| 710 |
1 |
1 |
|a Malaysia ,
|c Bukit Belata, Selangor
|
| 710 |
1 |
1 |
|a Malaysia ,
|c Jabatan Perhutanan Semenanjung Malaysia
|
| 998 |
|
|
|a JPSM
|
| 999 |
|
|
|a 007743
|b Monograph
|c Open Shelf
|e Default branch
|